000 01128njm a22002537a 4500
005 20100901161738.0
006 a|||||r|||||00| 0
007 sd ammalaaahaa
008 100830t xxu||||| |||| 00| 0 eng d
028 _aN.20086
_bHis Master's Voice
035 _aGR-302
040 _aSED
_cSED
100 _aGandhi,Mahatma
_917693
245 _aMahatma Gandhi ka pranathna Samwad /
_cby Mahatma Gandhi
_h[sound recording] :
246 _aमहात्मा गाँधी का प्रनाथ्ना संवाद / द्वारा महात्मा गाँधी
260 _aDum Dum , India
_bHis Master's Voice
300 _a1 sound disc [Gramphone Recording] :
_banalog, 33 1/3 rpm
_c9.5 in. (MP)
_fGramphones Records
500 _aBrief Record
505 _aSide-1 न्याय -1,1947 ( Nyaya-Part-1) (Mahatma Gandhi) --Side-2 न्याय भाग-2,1947 (Nyaya-Part-2) (Mahatma Gandhi).
650 _xExcerpts
_zIndia
_917514
_aMotion Picture music
700 _917515
942 _2ddc
_cGR
999 _c43450
_d43450